00910cam a22002655a 450000100100000000500170001000800410002702000150006802000180008304000320010108200220013310000450015524500850020025000120028526000450029730000330034250000520037550000200042765000310044765300200047870000190049894200080051799900170052595201020054201072369120180305154315.0000925r20001999enka fr 001 0 eng d a0750641010 a9780750641012 aDLCcDLCdUkdEG-ScBUEbeng04222a623.8171bDER1 aDerrett, D. R.q(Daniel Raymond),d1927-10aShip stability for masters and mates /cD. R. Derrett ; revised by C.B. Barrass. a5th ed. aOxford :bButterworth-Heinemann,cc.1999 avi, 447 p. :bill. ;c24 cm. aPrevious ed.: London : Stanford Maritime, 1984. aIncludes index. 7aStability of ships.2BUEsh bGGENcMarch20181 aBarrass, C. B. 2ddc c26243d26215 00102ddc4070aMAINbMAINc1STd2018-03-05l0o623.8171 DERp000047347r2025-07-15 00:00:00yBB